[Event "Quebec op"]
[Site "Laval"]
[Date "2022.09.06"]
[Round "9"]
[White "Perez Rodriguez, Luis Manuel"]
[Black "Jacquet, Stephane"]
[Result "1-0"]
[WhiteElo "2335"]
[BlackElo "1862"]
[PlyCount "41"]
[EventDate "2022.09.01"]
[EventType "swiss"]
[EventRounds "9"]
[EventCountry "CAN"]
[SourceTitle "CBM 210 Extra"]
[Source "ChessBase"]
[SourceDate "2022.11.30"]
[SourceVersion "1"]
[SourceVersionDate "2022.11.30"]
[SourceQuality "1"]

1. e4 d6 2. d4 g6 3. Nc3 Bg7 4. Be3 a6 5. f4 b5 6. Nf3 Bb7 7. Bd3 Nf6 8. e5 Ng4 9. Qe2 c5 10. dxc5 dxe5 11. Nxe5 Nxe5 12. fxe5 Bxe5 13. 0-0-0 Qc7 14. Rhe1 Nd7 15. Bd4 f6 16. Be4 0-0-0 17. Qf3 Bxd4 18. Bxb7+ Qxb7 19. c6 Qa7 20. Rxe7 Rhe8 21. cxd7+ 1-0

[Event "Quebec op"]
[Site "Laval"]
[Date "2022.09.02"]
[Round "3"]
[White "Laroche, Hugo"]
[Black "Jacquet, Stephane"]
[Result "0-1"]
[WhiteElo "1696"]
[BlackElo "1862"]
[PlyCount "72"]
[EventDate "2022.09.01"]
[EventType "swiss"]
[EventRounds "9"]
[EventCountry "CAN"]
[SourceTitle "CBM 210 Extra"]
[Source "ChessBase"]
[SourceDate "2022.11.30"]
[SourceVersion "1"]
[SourceVersionDate "2022.11.30"]
[SourceQuality "1"]

1. d4 d6 2. Bf4 g6 3. Nf3 Bg7 4. e3 Nd7 5. c3 e5 6. dxe5 dxe5 7. Bg3 Qe7 8. Nbd2 Nh6 9. Bh4 f6 10. Bc4 Nf7 11. Qb3 0-0 12. 0-0 Kh8 13. Bxf7 Rxf7 14. Nc4 g5 15. Bg3 Nc5 16. Qc2 Bg4 17. Nfd2 f5 18. f3 Bh5 19. e4 f4 20. Bf2 g4 21. b4 Ne6 22. fxg4 Bxg4 23. Nf3 Bxf3 24. gxf3 Qg5+ 25. Kh1 Qh5 26. Qe2 Ng5 27. Nd2 Rd8 28. Rad1 Rfd7 29. Bg1 b6 30. a4 Bf6 31. a5 Qh3 32. Nc4 Rxd1 33. Rxd1 Rxd1 34. Qxd1 Nxf3 35. axb6 Ne1 36. Ne3 fxe3 0-1

[Event "Quebec op"]
[Site "Laval"]
[Date "2022.09.01"]
[Round "1"]
[White "Wolchock, Theo"]
[Black "Jacquet, Stephane"]
[Result "1-0"]
[WhiteElo "2105"]
[BlackElo "1862"]
[PlyCount "77"]
[EventDate "2022.09.01"]
[EventType "swiss"]
[EventRounds "9"]
[EventCountry "CAN"]
[SourceTitle "CBM 210 Extra"]
[Source "ChessBase"]
[SourceDate "2022.11.30"]
[SourceVersion "1"]
[SourceVersionDate "2022.11.30"]
[SourceQuality "1"]

1. e4 d6 2. d4 g6 3. Nc3 Bg7 4. Be3 a6 5. f4 Nf6 6. Nf3 b5 7. a3 Bb7 8. Bd3 Nbd7 9. 0-0 0-0 10. e5 Ng4 11. Qe2 c5 12. dxc5 dxe5 13. Nxe5 Ndxe5 14. fxe5 Nxe3 15. Qxe3 Qc7 16. Rae1 Rad8 17. b4 Bd5 18. Rf2 Rd7 19. a4 bxa4 20. Nxa4 Qc6 21. Nb6 Ra7 22. c4 Be6 23. Be4 Qc7 24. Bf3 Rd8 25. Rfe2 Qb8 26. h3 a5 27. b5 a4 28. Bd5 Bf5 29. g4 Be6 30. Ra2 a3 31. Ree2 Ra5 32. Kg2 Qc7 33. Bxe6 fxe6 34. Rxa3 Rxa3 35. Qxa3 Bxe5 36. Qe3 Bd4 37. Qxe6+ Kf8 38. Nd5 Qxc5 39. Nxe7 1-0

[Event "Quebec op"]
[Site "Longueuil"]
[Date "2019.07.26"]
[Round "8"]
[White "Yagiz, Bora"]
[Black "Jacquet, Stephane"]
[Result "0-1"]
[WhiteElo "1889"]
[BlackElo "1915"]
[PlyCount "108"]
[EventDate "2019.07.20"]
[EventType "swiss"]
[EventRounds "9"]
[EventCountry "CAN"]
[SourceTitle "CBM 191 Extra"]
[Source "ChessBase"]
[SourceDate "2019.09.30"]
[SourceVersion "1"]
[SourceVersionDate "2019.09.30"]
[SourceQuality "1"]

1. e4 c5 2. Nf3 Nc6 3. Bb5 g6 4. 0-0 Bg7 5. Re1 e5 6. b4 cxb4 7. Bb2 Nge7 8. a3 bxa3 9. Nxa3 0-0 10. Nc4 d5 11. exd5 Qxd5 12. Bxc6 Qxc4 13. Be4 Qc7 14. Bxe5 Bxe5 15. Nxe5 Nf5 16. Nf3 Nd6 17. Bd5 Bg4 18. Qb1 Qc5 19. Re5 Qb6 20. Qxb6 axb6 21. Rae1 Ra5 22. Nd4 Rc8 23. f3 Bd7 24. Nb3 Rb5 25. Nd4 Rb4 26. c3 Rb2 27. Re7 Re8 28. Rxe8+ Bxe8 29. Bxb7 Rxd2 30. Re2 Rd3 31. Rc2 Ba4 32. Ra2 b5 33. Bc6 Rxc3 34. Rb2 Rc4 35. Bxb5 Rxd4 36. Be2 Kg7 37. Kf2 Rd5 38. Rb4 Bb5 39. Bxb5 Rxb5 40. Ra4 Nf5 41. Ra2 Rb3 42. Rd2 h5 43. h3 Kf6 44. Ra2 Nd4 45. Kg3 Rc3 46. Kf4 Rc2 47. Ra6+ Ne6+ 48. Kg3 Kg7 49. h4 Nd4 50. Ra4 Nf5+ 51. Kh3 Ne3 52. g3 Nf1 53. Ra2 Rxa2 54. f4 Rh2# 0-1

[Event "Quebec op"]
[Site "Longueuil"]
[Date "2019.07.23"]
[Round "5"]
[White "Jacquet, Stephane"]
[Black "Trottier, Alain"]
[Result "1-0"]
[WhiteElo "1915"]
[BlackElo "1829"]
[PlyCount "87"]
[EventDate "2019.07.20"]
[EventType "swiss"]
[EventRounds "9"]
[EventCountry "CAN"]
[SourceTitle "CBM 191 Extra"]
[Source "ChessBase"]
[SourceDate "2019.09.30"]
[SourceVersion "1"]
[SourceVersionDate "2019.09.30"]
[SourceQuality "1"]

1. d4 Nf6 2. c4 g6 3. Nf3 Bg7 4. Nc3 d5 5. cxd5 Nxd5 6. Bd2 0-0 7. e4 Nxc3 8. Bxc3 c5 9. d5 f6 10. Bc4 Qd6 11. Qd2 a6 12. a4 b6 13. h4 Bg4 14. Nh2 Bd7 15. h5 gxh5 16. Nf1 Be8 17. Ng3 Bg6 18. Nxh5 Nd7 19. Nxg7 Kxg7 20. Qh6+ Kg8 21. Ra3 Bxe4 22. Bd2 Bg6 23. Bf4 Ne5 24. Rg3 Kf7 25. 0-0 Ke8 26. Re1 Nf7 27. Bxd6 Nxh6 28. Bxe7 Nf5 29. Bxf8+ Kxf8 30. Rf3 Kg7 31. Bd3 Nd4 32. Rg3 Rd8 33. Bxa6 Rxd5 34. Re7+ Kf8 35. Rb7 Rd6 36. Re3 Nf5 37. Rb3 Rd1+ 38. Kh2 Rd6 39. R3xb6 Rd4 40. Kg1 Rxa4 41. Rxf6+ Kg8 42. b3 Ra1+ 43. Kh2 Ng7 44. Bc4+ 1-0

[Event "Quebec op"]
[Site "Longueuil"]
[Date "2019.07.21"]
[Round "3"]
[White "Jacquet, Stephane"]
[Black "Luksza, Arkadiusz"]
[Result "0-1"]
[WhiteElo "1915"]
[BlackElo "2098"]
[PlyCount "98"]
[EventDate "2019.07.20"]
[EventType "swiss"]
[EventRounds "9"]
[EventCountry "CAN"]
[SourceTitle "CBM 191 Extra"]
[Source "ChessBase"]
[SourceDate "2019.09.30"]
[SourceVersion "1"]
[SourceVersionDate "2019.09.30"]
[SourceQuality "1"]

1. d4 g6 2. Nf3 Bg7 3. e4 d6 4. c3 Nf6 5. Nbd2 0-0 6. Bc4 d5 7. exd5 Nxd5 8. 0-0 Nb6 9. Bb3 a5 10. a4 N8d7 11. Ne4 Nf6 12. Nc5 Nbd5 13. Ne5 b6 14. Ncd3 Bb7 15. Bg5 Rc8 16. Qf3 Ba8 17. Qh3 c5 18. dxc5 bxc5 19. Bc4 Nb6 20. Ba6 Rc7 21. Rad1 Ne4 22. Bf4 Nd6 23. Be3 Nd5 24. Bh6 Bxh6 25. Qxh6 c4 26. Ne1 Nf5 27. Qc1 Qd6 28. Bxc4 Qxe5 29. Nf3 Qf4 30. Bxd5 Qxc1 31. Bxf7+ Rxf7 32. Rd8+ Rf8 33. Rxf8+ Kxf8 34. Rxc1 Bxf3 35. gxf3 Nd4 36. Kg2 Rc4 37. Rd1 Ne6 38. Ra1 Nc5 39. b4 axb4 40. cxb4 Rxb4 41. a5 Na6 42. Kg3 Kf7 43. h4 h5 44. Ra3 e6 45. f4 Kf6 46. Re3 Ra4 47. Re5 Nc7 48. Rc5 Nd5 49. f3 Ne7 0-1

[Event "Montreal CC-ch"]
[Site "Montreal"]
[Date "2019.06.09"]
[Round "5"]
[White "Jacquet, Stephane"]
[Black "Tanaka, Taira Tyler"]
[Result "0-1"]
[WhiteElo "1915"]
[BlackElo "2109"]
[PlyCount "90"]
[EventDate "2019.06.07"]
[EventType "swiss"]
[EventRounds "5"]
[EventCountry "CAN"]
[SourceTitle "EXT 2020"]
[Source "ChessBase"]
[SourceDate "2019.10.17"]
[SourceVersion "1"]
[SourceVersionDate "2019.10.17"]
[SourceQuality "1"]

1. d4 Nf6 2. c4 g6 3. Nc3 Bg7 4. e4 d6 5. Nf3 0-0 6. Be2 c5 7. 0-0 cxd4 8. Nxd4 Nc6 9. Nc2 Be6 10. Ne3 Rc8 11. Ncd5 Nxe4 12. f4 f5 13. g4 Qd7 14. Bd3 Nd4 15. Bxe4 fxe4 16. Bd2 Bxd5 17. Nxd5 Nf3+ 18. Kh1 Nxd2 19. Qxd2 Kh8 20. Rac1 e6 21. Ne3 Rcd8 22. Rcd1 Qc6 23. b4 b5 24. Rc1 bxc4 25. Rxc4 Qa8 26. Rc7 d5 27. f5 d4 28. Qb2 Qb8 29. Re7 Rde8 30. Rxg7 Kxg7 31. Qxd4+ Kg8 32. f6 h6 33. g5 Qd8 34. Qe5 h5 35. Rd1 Qb8 36. Qxe4 Qa8 37. Rd5 Kh7 38. Rd7+ Kh8 39. Nd5 Qc6 40. Qxg6 Qxd7 41. Nf4 Qh7 42. Qxh5 Qxh5 43. Nxh5 Kh7 44. Nf4 e5 45. g6+ Kh6 0-1

[Event "Montreal CC-ch"]
[Site "Montreal"]
[Date "2019.06.09"]
[Round "4"]
[White "Saha, Ananda"]
[Black "Jacquet, Stephane"]
[Result "1/2-1/2"]
[WhiteElo "2059"]
[BlackElo "1915"]
[PlyCount "103"]
[EventDate "2019.06.07"]
[EventType "swiss"]
[EventRounds "5"]
[EventCountry "CAN"]
[SourceTitle "EXT 2020"]
[Source "ChessBase"]
[SourceDate "2019.10.17"]
[SourceVersion "1"]
[SourceVersionDate "2019.10.17"]
[SourceQuality "1"]

1. Nf3 Nf6 2. g3 g6 3. Bg2 Bg7 4. d4 0-0 5. c4 d6 6. Nc3 Nbd7 7. 0-0 c6 8. e4 Qc7 9. h3 e5 10. Be3 Re8 11. Rb1 a5 12. dxe5 dxe5 13. Qe2 Bf8 14. a3 Nc5 15. Bg5 Nh5 16. b4 Ne6 17. Be3 axb4 18. axb4 b6 19. b5 c5 20. Nd5 Qd6 21. Rfd1 Nd4 22. Bxd4 cxd4 23. Ne1 Bb7 24. Nd3 Bxd5 25. cxd5 Rec8 26. Nb4 Rc3 27. Nc6 f6 28. Bf3 Ng7 29. h4 Raa3 30. Bg4 h5 31. Bh3 Qc7 32. Ra1 Bc5 33. Rxa3 Rxa3 34. Rd3 Ra1+ 35. Kh2 Qb7 36. Rf3 Ne8 37. Be6+ Kg7 38. g4 hxg4 39. Bxg4 Qa8 40. Bd7 Ra2 41. Qf1 Nd6 42. Qg2 Qh8 43. Qg4 Ra3 44. Rxa3 Bxa3 45. Ne7 Qh5 46. Qh3 Nxe4 47. Qxa3 Qxh4+ 48. Bh3 Qxf2+ 49. Bg2 Qh4+ 50. Kg1 Qe1+ 51. Kh2 Qh4+ 52. Kg1 1/2-1/2

[Event "Montreal Mercredi 04"]
[Site "Montreal"]
[Date "2019.04.10"]
[Round "2"]
[White "Jacquet, Stephane"]
[Black "Nunez, Omar"]
[Result "1-0"]
[WhiteElo "1941"]
[BlackElo "1889"]
[PlyCount "25"]
[EventDate "2019.04.03"]
[EventType "swiss"]
[EventRounds "5"]
[EventCountry "CAN"]
[SourceTitle "EXT 2022"]
[Source "ChessBase"]
[SourceDate "2021.10.06"]
[SourceVersion "1"]
[SourceVersionDate "2021.10.06"]
[SourceQuality "1"]

1. d4 d6 2. e4 e5 3. Nf3 Nd7 4. Bc4 Be7 5. c3 c6 6. Qb3 exd4 7. Bxf7+ Kf8 8. cxd4 c5 9. 0-0 cxd4 10. Bxg8 Rxg8 11. Nxd4 Nc5 12. Qf3+ Bf6 13. Nc3 1-0

[Event "Montreal Mercredi 01"]
[Site "Montreal"]
[Date "2019.02.06"]
[Round "5"]
[White "Jacquet, Stephane"]
[Black "Boucher, Antoni"]
[Result "0-1"]
[WhiteElo "1956"]
[BlackElo "1937"]
[PlyCount "74"]
[EventDate "2019.01.09"]
[EventType "swiss"]
[EventRounds "5"]
[EventCountry "CAN"]
[SourceTitle "EXT 2022"]
[Source "ChessBase"]
[SourceDate "2021.10.06"]
[SourceVersion "1"]
[SourceVersionDate "2021.10.06"]
[SourceQuality "1"]

1. d4 d5 2. c4 Nc6 3. Nf3 Bg4 4. e3 e6 5. Nc3 Bb4 6. a3 Bxc3+ 7. bxc3 Nf6 8. h3 Bh5 9. c5 0-0 10. Rb1 e5 11. g4 Bg6 12. Rxb7 Na5 13. Rb5 c6 14. Rb4 Nd7 15. Nxe5 Nxe5 16. dxe5 Qe7 17. Qd4 Be4 18. Rg1 Nb7 19. Rg3 Nxc5 20. f3 Nd3+ 21. Bxd3 c5 22. fxe4 cxd4 23. exd4 dxe4 24. Bxe4 Rab8 25. Ke2 Rxb4 26. axb4 Qe6 27. Bd2 Qa2 28. Re3 a5 29. bxa5 Qxa5 30. d5 Qb5+ 31. Rd3 Re8 32. Bf4 Qb2+ 33. Kf3 g5 34. Bxg5 Qh2 35. Bf4 Qxh3+ 36. Bg3 Rxe5 37. d6 Qh1+ 0-1

[Event "Montreal Mercredi 11"]
[Site "Montreal"]
[Date "2018.12.05"]
[Round "4"]
[White "Jacquet, Stephane"]
[Black "Barko, Maxim"]
[Result "1-0"]
[WhiteElo "1924"]
[BlackElo "1937"]
[PlyCount "39"]
[EventDate "2018.11.14"]
[EventType "swiss"]
[EventRounds "5"]
[EventCountry "CAN"]
[SourceTitle "EXT 2022"]
[Source "ChessBase"]
[SourceDate "2021.10.06"]
[SourceVersion "1"]
[SourceVersionDate "2021.10.06"]
[SourceQuality "1"]

1. Nf3 Nf6 2. d4 e6 3. c4 c5 4. d5 b5 5. dxe6 fxe6 6. cxb5 Bb7 7. g3 d5 8. Bg2 Bd6 9. 0-0 Nbd7 10. Bg5 Qb6 11. a4 0-0 12. Nc3 Rae8 13. Nd2 Ne5 14. e4 Nd3 15. Bxf6 Rxf6 16. exd5 Rxf2 17. Nc4 Nxb2 18. Nxb6 Nxd1 19. Rxf2 Nxf2 20. Nc4 1-0

[Event "Montreal Mercredi 11"]
[Site "Montreal"]
[Date "2018.11.28"]
[Round "3"]
[White "Zheng, Richard"]
[Black "Jacquet, Stephane"]
[Result "1/2-1/2"]
[WhiteElo "2028"]
[BlackElo "1924"]
[PlyCount "111"]
[EventDate "2018.11.14"]
[EventType "swiss"]
[EventRounds "5"]
[EventCountry "CAN"]
[SourceTitle "EXT 2022"]
[Source "ChessBase"]
[SourceDate "2021.10.06"]
[SourceVersion "1"]
[SourceVersionDate "2021.10.06"]
[SourceQuality "1"]

1. d4 Nf6 2. e3 g6 3. Bd3 Bg7 4. f4 0-0 5. Nf3 d5 6. Nbd2 c5 7. c3 b6 8. 0-0 Bb7 9. b4 cxb4 10. cxb4 Nc6 11. a3 e6 12. Bb2 a5 13. b5 Ne7 14. a4 Ne4 15. Re1 Rc8 16. Qb3 Qd7 17. Rac1 Nf5 18. Nf1 Rfd8 19. Ba3 f6 20. g4 Nfd6 21. Bxd6 Nxd6 22. N1d2 e5 23. h3 exf4 24. e4 Kh8 25. e5 Rxc1 26. Rxc1 Ne4 27. Re1 f5 28. g5 Rc8 29. Qb1 Bf8 30. Rc1 Bb4 31. Nf1 Qd8 32. h4 Kg7 33. Rxc8 Qxc8 34. Qc2 Be7 35. N1d2 h6 36. gxh6+ Kxh6 37. Nb3 Qxc2 38. Bxc2 Bc8 39. Nc1 Kh5 40. Nd3 g5 41. hxg5 Bxg5 42. Nf2 Bh4 43. Nh3 Bg3 44. Kg2 Kg6 45. Nfg1 Ng5 46. Nxg5 Kxg5 47. Nh3+ Kh4 48. Ng1 Be6 49. Nf3+ Kh5 50. Ng1 Kg5 51. Nf3+ Kg6 52. Bd1 Bf7 53. Ng1 Kh6 54. Bf3 Kg5 55. Ne2 Be1 56. Kf1 1/2-1/2

[Event "Montreal Mercredi 10"]
[Site "Montreal"]
[Date "2018.11.07"]
[Round "5"]
[White "Barko, Maxim"]
[Black "Jacquet, Stephane"]
[Result "1-0"]
[WhiteElo "1955"]
[BlackElo "1982"]
[PlyCount "65"]
[EventDate "2018.10.10"]
[EventType "swiss"]
[EventRounds "5"]
[EventCountry "CAN"]
[SourceTitle "EXT 2022"]
[Source "ChessBase"]
[SourceDate "2021.10.06"]
[SourceVersion "1"]
[SourceVersionDate "2021.10.06"]
[SourceQuality "1"]

1. d4 d5 2. c4 dxc4 3. e3 e5 4. Bxc4 exd4 5. exd4 Nf6 6. Nc3 Be7 7. Nf3 0-0 8. h3 a6 9. 0-0 b5 10. Bb3 Bb7 11. Be3 Nbd7 12. Rc1 Rc8 13. Qe2 c5 14. Rfd1 c4 15. Bc2 Re8 16. Ne5 Bd6 17. Bf5 g6 18. Bg4 Nxg4 19. Qxg4 Nf6 20. Qg5 Nh5 21. Qxd8 Rcxd8 22. g4 Ng7 23. Bg5 Be7 24. Bxe7 Rxe7 25. g5 Ne6 26. d5 Nxg5 27. Nc6 Bxc6 28. dxc6 Rxd1+ 29. Rxd1 Rc7 30. Nd5 Ne6 31. Nxc7 Nxc7 32. Rd7 b4 33. Kf1 1-0

[Event "Montreal Mercredi 10"]
[Site "Montreal"]
[Date "2018.10.10"]
[Round "1"]
[White "Jacquet, Stephane"]
[Black "Biakolo, Lima"]
[Result "0-1"]
[WhiteElo "1982"]
[BlackElo "1919"]
[PlyCount "38"]
[EventDate "2018.10.10"]
[EventType "swiss"]
[EventRounds "5"]
[EventCountry "CAN"]
[SourceTitle "EXT 2022"]
[Source "ChessBase"]
[SourceDate "2021.10.06"]
[SourceVersion "1"]
[SourceVersionDate "2021.10.06"]
[SourceQuality "1"]

1. d4 Nf6 2. c4 e5 3. dxe5 Ng4 4. Bf4 Nc6 5. Nf3 Bb4+ 6. Nbd2 Qe7 7. a3 Ngxe5 8. Nxe5 Nxe5 9. e3 Bxd2+ 10. Qxd2 d6 11. c5 dxc5 12. Qd5 Nc6 13. Bb5 Bd7 14. Bxc7 Nd4 15. Qxb7 0-0 16. 0-0-0 Nxb5 17. Bg3 Rad8 18. a4 Qe6 19. Qd5 Nd4 0-1

[Event "Montreal Mercredi 08"]
[Site "Montreal"]
[Date "2018.09.26"]
[Round "5"]
[White "Nesterov, Timour"]
[Black "Jacquet, Stephane"]
[Result "1-0"]
[WhiteElo "1945"]
[BlackElo "2025"]
[PlyCount "49"]
[EventDate "2018.08.29"]
[EventType "swiss"]
[EventRounds "5"]
[EventCountry "CAN"]
[SourceTitle "EXT 2022"]
[Source "ChessBase"]
[SourceDate "2021.10.06"]
[SourceVersion "1"]
[SourceVersionDate "2021.10.06"]
[SourceQuality "1"]

1. d4 Nf6 2. Nf3 g6 3. Bf4 Bg7 4. Nc3 0-0 5. e4 d6 6. Qd2 c6 7. Bh6 b5 8. Bxg7 Kxg7 9. Bd3 Nbd7 10. Ne2 Qc7 11. h3 c5 12. c3 Bb7 13. Ng3 e5 14. 0-0 c4 15. Bc2 d5 16. dxe5 Nxe4 17. Qf4 Nxg3 18. fxg3 Rae8 19. Rae1 Qc5+ 20. Kh2 b4 21. Nd4 bxc3 22. Nf5+ Kh8 23. Qh6 Rg8 24. Nd6 Nxe5 25. Nxf7+ 1-0

[Event "Quebec op"]
[Site "Quebec"]
[Date "2018.07.28"]
[Round "9"]
[White "Jacquet, Stephane"]
[Black "Yagiz, Bora"]
[Result "1-0"]
[WhiteElo "1936"]
[BlackElo "1862"]
[PlyCount "89"]
[EventDate "2018.07.21"]
[EventType "swiss"]
[EventRounds "9"]
[EventCountry "CAN"]
[SourceTitle "CBM 186 Extra"]
[Source "ChessBase"]
[SourceDate "2018.08.24"]
[SourceVersion "1"]
[SourceVersionDate "2018.08.24"]
[SourceQuality "1"]

1. d4 Nf6 2. c4 g6 3. Nc3 Bg7 4. e4 d6 5. Nf3 0-0 6. Be2 e5 7. 0-0 Nh5 8. dxe5 dxe5 9. Qxd8 Rxd8 10. Nd5 Na6 11. Rd1 Bd7 12. Bg5 f6 13. Be3 c6 14. Nc3 Nf4 15. Bxf4 exf4 16. Rd2 Be6 17. Rad1 Rxd2 18. Rxd2 Kf8 19. a3 Ke7 20. b4 g5 21. c5 f5 22. Bxa6 bxa6 23. Nd4 Bd7 24. exf5 Bxd4 25. Rxd4 Bxf5 26. h4 h6 27. Ne4 Bxe4 28. Rxe4+ Kf6 29. Rd4 gxh4 30. Rd6+ Kg5 31. Rxc6 a5 32. b5 a4 33. Ra6 Rb8 34. Ra5 f3 35. c6 fxg2 36. Kxg2 Kf6 37. c7 Rc8 38. Rxa7 Ke6 39. b6 Kd7 40. Rb7 Ra8 41. Kh3 Rf8 42. Rb8 Rf3+ 43. Kxh4 Rc3 44. Rd8+ Ke7 45. c8Q 1-0

[Event "Quebec op"]
[Site "Quebec"]
[Date "2018.07.21"]
[Round "1"]
[White "Ouellet, Maili Jade"]
[Black "Jacquet, Stephane"]
[Result "1-0"]
[WhiteElo "2197"]
[BlackElo "1936"]
[PlyCount "209"]
[EventDate "2018.07.21"]
[EventType "swiss"]
[EventRounds "9"]
[EventCountry "CAN"]
[SourceTitle "CBM 186 Extra"]
[Source "ChessBase"]
[SourceDate "2018.08.24"]
[SourceVersion "1"]
[SourceVersionDate "2018.08.24"]
[SourceQuality "1"]

1. c4 g6 2. d4 Nf6 3. Nc3 Bg7 4. e4 d6 5. f4 0-0 6. Nf3 c5 7. d5 b5 8. cxb5 Qa5 9. Bd2 a6 10. Bd3 axb5 11. Nxb5 Qb6 12. Qe2 Ba6 13. a4 Nbd7 14. Rc1 Rae8 15. Bc4 e6 16. dxe6 fxe6 17. a5 Qb8 18. Nxd6 Bxc4 19. Nxc4 Nh5 20. e5 Nxf4 21. Bxf4 Rxf4 22. 0-0 Qb5 23. g3 Rf5 24. Qe4 Ref8 25. Nd6 Qxb2 26. Nxf5 Rxf5 27. g4 Rf8 28. Qc6 Nxe5 29. Qxe6+ Kh8 30. Nh4 Qd4+ 31. Kh1 Qe4+ 32. Ng2 Rxf1+ 33. Rxf1 h6 34. a6 Qa8 35. Re1 Kh7 36. Rxe5 Bxe5 37. Qxe5 Qxa6 38. Qe7+ Kg8 39. Qe8+ Kg7 40. Qe7+ Kg8 41. Ne3 Qc6+ 42. Kg1 c4 43. Qd8+ Kf7 44. Qd5+ Qxd5 45. Nxd5 Ke6 46. Ne3 Ke5 47. Nxc4+ Kf4 48. Kg2 Kxg4 49. Ne5+ Kf5 50. Nf7 h5 51. Kg3 g5 52. Nd6+ Ke5 53. Nc4+ Kd4 54. Nd2 Ke5 55. Kf3 Kf5 56. Nf1 g4+ 57. Kf2 h4 58. Kg2 Ke4 59. Nd2+ Kd3 60. Nb3 Ke3 61. Nc1 Ke4 62. Ne2 Ke3 63. Ng1 Ke4 64. Kf1 Ke3 65. Ke1 Kd3 66. Ne2 Ke3 67. Kf1 Ke4 68. Kg2 Ke3 69. Ng3 Kf4 70. Nh5+ Kg5 71. Ng7 Kf4 72. Ne6+ Ke5 73. Nf8 Kf4 74. Nd7 Ke4 75. Kf1 Kf3 76. Ne5+ Kf4 77. Nd3+ Ke3 78. Ne1 h3 79. Kg1 Ke2 80. Nc2 Kd3 81. Na3 Ke3 82. Nc4+ Kf3 83. Nd2+ Ke2 84. Nf1 Kf3 85. Ng3 Ke3 86. Kf1 Kf3 87. Ne2 Ke3 88. Ng3 Kf3 89. Nh5 Ke3 90. Ng7 Kf3 91. Nf5 Kf4 92. Nd4 Ke3 93. Nc2+ Kd2 94. Na3 Ke3 95. Nc4+ Kf3 96. Nd2+ Ke3 97. Ke1 g3 98. Nf1+ Kf3 99. Nxg3 Kg2 100. Nf1 Kf3 101. Nd2+ Kg2 102. Ke2 Kxh2 103. Kf2 Kh1 104. Nf1 h2 105. Ng3# 1-0

[Event "Montreal CC-ch"]
[Site "Montreal"]
[Date "2018.06.09"]
[Round "3.2"]
[White "Rodrigue Lemieux, Shawn"]
[Black "Jacquet, Stephane"]
[Result "1-0"]
[WhiteElo "2341"]
[BlackElo "2044"]
[PlyCount "77"]
[EventDate "2018.06.08"]
[EventType "swiss"]
[EventRounds "5"]
[EventCountry "CAN"]
[SourceTitle "EXT 2022"]
[Source "ChessBase"]
[SourceDate "2021.10.06"]
[SourceVersion "1"]
[SourceVersionDate "2021.10.06"]
[SourceQuality "1"]

1. Nf3 Nf6 2. g3 d5 3. Bg2 e6 4. 0-0 Be7 5. d3 0-0 6. Nbd2 Nbd7 7. e4 dxe4 8. dxe4 e5 9. Qe2 c6 10. a4 Qc7 11. b3 Re8 12. Bb2 a5 13. Rfd1 Bc5 14. Ne1 Nf8 15. Nd3 Ba7 16. Nc4 Ng6 17. h4 h5 18. Ba3 Bg4 19. Bf3 Rad8 20. Ne3 Nxe4 21. Bxg4 Nc3 22. Qe1 hxg4 23. Qxc3 Bd4 24. Qe1 e4 25. Nb2 Ne5 26. Qe2 Nf3+ 27. Kg2 b5 28. c3 Bxc3 29. axb5 cxb5 30. Qxb5 Rb8 31. Qa4 Qb7 32. Bd6 Bxb2 33. Bxb8 Rxb8 34. Rab1 Bc3 35. Rd5 Bd2 36. Qxe4 Bxe3 37. Rd8+ Rxd8 38. Qxb7 Rd2 39. Qa8+ 1-0

[Event "Montreal CC-ch"]
[Site "Montreal"]
[Date "2018.06.08"]
[Round "1.10"]
[White "Matteo, Alessio"]
[Black "Jacquet, Stephane"]
[Result "0-1"]
[WhiteElo "1486"]
[BlackElo "2044"]
[PlyCount "52"]
[EventDate "2018.06.08"]
[EventType "swiss"]
[EventRounds "5"]
[EventCountry "CAN"]
[SourceTitle "EXT 2022"]
[Source "ChessBase"]
[SourceDate "2021.10.06"]
[SourceVersion "1"]
[SourceVersionDate "2021.10.06"]
[SourceQuality "1"]

1. d4 d5 2. c4 dxc4 3. Nc3 e5 4. dxe5 Qxd1+ 5. Kxd1 c6 6. a4 Be6 7. e4 Nd7 8. Bf4 0-0-0 9. Kc2 h6 10. h4 Bc5 11. Nh3 Ne7 12. Bg3 g5 13. h5 Rhg8 14. Be2 Bd4 15. f4 gxf4 16. Bh4 Bxe5 17. Bxe7 Rde8 18. Ba3 Rxg2 19. Kd1 Bxh3 20. Rxh3 Rg1+ 21. Kc2 Rxa1 22. Nb1 b5 23. a5 c5 24. b4 cxb3+ 25. Kxb3 b4 26. Ba6+ Kc7 0-1

[Event "Montreal Mercredi 05"]
[Site "Montreal"]
[Date "2018.06.06"]
[Round "5"]
[White "Guipi Bopala, Prince Eric Jr"]
[Black "Jacquet, Stephane"]
[Result "0-1"]
[WhiteElo "1910"]
[BlackElo "1955"]
[PlyCount "106"]
[EventDate "2018.05.09"]
[EventType "swiss"]
[EventRounds "5"]
[EventCountry "CAN"]
[SourceTitle "EXT 2022"]
[Source "ChessBase"]
[SourceDate "2021.10.06"]
[SourceVersion "1"]
[SourceVersionDate "2021.10.06"]
[SourceQuality "1"]

1. e4 d6 2. d4 Nf6 3. Nc3 g6 4. Bg5 Bg7 5. e5 Nfd7 6. e6 fxe6 7. Qd2 c5 8. Nf3 Nc6 9. dxc5 Nxc5 10. 0-0-0 Bd7 11. h4 Qa5 12. h5 Bxc3 13. Qxc3 Qxc3 14. bxc3 0-0-0 15. hxg6 hxg6 16. Bd3 Nxd3+ 17. cxd3 e5 18. d4 e4 19. Nd2 d5 20. f3 exf3 21. Nxf3 Bg4 22. Rde1 Bxf3 23. gxf3 Kd7 24. Kd2 Rdf8 25. f4 e6 26. Reg1 Na5 27. Bh6 Nc4+ 28. Ke2 Rfg8 29. Bg5 Rh5 30. Rxh5 gxh5 31. Rh1 Rh8 32. Bf6 Rh6 33. Bg5 Rh7 34. Kd3 Ke8 35. Ke2 Kf7 36. Kd3 Kg6 37. Rh4 Nd6 38. Rh1 Ne4 39. Rg1 Kf5 40. Rg2 h4 41. Rh2 h3 42. Ke2 Kg4 43. Kf1 Kg3 44. Kg1 Nxc3 45. f5 exf5 46. Bd2 Ne4 47. Be1+ Kf3 48. Kh1 f4 49. Kg1 Rg7+ 50. Kh1 Ng3+ 51. Bxg3 fxg3 52. Rb2 g2+ 53. Kg1 h2+ 0-1

[Event "Montreal Mercredi 05"]
[Site "Montreal"]
[Date "2018.05.30"]
[Round "4"]
[White "Jacquet, Stephane"]
[Black "Barko, Maxim"]
[Result "1-0"]
[WhiteElo "1955"]
[BlackElo "1936"]
[PlyCount "123"]
[EventDate "2018.05.09"]
[EventType "swiss"]
[EventRounds "5"]
[EventCountry "CAN"]
[SourceTitle "EXT 2022"]
[Source "ChessBase"]
[SourceDate "2021.10.06"]
[SourceVersion "1"]
[SourceVersionDate "2021.10.06"]
[SourceQuality "1"]

1. d4 e6 2. Nf3 d5 3. c4 c6 4. Nc3 f5 5. g3 Nf6 6. Bg2 Bd6 7. 0-0 0-0 8. b3 Ne4 9. Nxe4 fxe4 10. Ne5 Nd7 11. Bb2 Qg5 12. f4 exf3 13. exf3 Qe3+ 14. Kh1 Nxe5 15. Re1 Qh6 16. dxe5 Bc5 17. Bd4 Ba3 18. Be3 Qg6 19. f4 Bd7 20. Qb1 Be8 21. cxd5 Qxb1 22. Raxb1 cxd5 23. b4 Ba4 24. Bc5 Rfe8 25. Re3 Bc2 26. Rg1 b6 27. Rxa3 bxc5 28. Rc3 Bf5 29. Rxc5 Reb8 30. a3 Bd3 31. Rd1 Be2 32. Rd2 Bc4 33. Rxc4 dxc4 34. Rc2 a5 35. Bxa8 Rxa8 36. Rxc4 axb4 37. axb4 Ra2 38. Rc7 Rb2 39. Rb7 h5 40. h3 Rb3 41. Kg2 Rb2+ 42. Kf3 Rb3+ 43. Kf2 Rb2+ 44. Ke3 Rb3+ 45. Kd4 Rxg3 46. Re7 Rb3 47. Kc5 Rxh3 48. Rxe6 Rf3 49. Rd6 h4 50. b5 h3 51. Rd2 Rxf4 52. b6 Rf3 53. Rb2 h2 54. Rxh2 Rb3 55. Rh4 Rc3+ 56. Rc4 Rb3 57. Rb4 Rc3+ 58. Kd5 Rd3+ 59. Kc6 Rc3+ 60. Kd7 Rd3+ 61. Ke7 Re3 62. Ke6 1-0